00325nam a2200121Ia 4500008004100000041000800041082001400049100001600063245004100079260004400120300003200164365000700196240624s9999 xx 000 0 und d aeng a519.5 PAL aPAL NABENDU aSTATISTICS CONCEPTS AND APPLICATIONS c2005aNew DelhibPrentice-Hall of India axxii, : 385 : p. : cm. ; 26 cRS